000 00801nam a22002412 4500
001 0000004411
005 20151217145807.0
008 070523s xx 000 0 eng d
020 _a0256135150 :
_cKES 200 (donation)
040 _aKABU
_cKABU
050 0 _aQA76.9
_b.D3H877 1993
100 1 _aHutchinson, Sarah E.
_@0000151663
245 1 0 _aDbase III Plus /
_cSara E. Hutchinson, Stacey C. Sawyer, Glen J. Coulthard.
260 _aBurr Ridge, Illinois :
_bIrwin,
_cc1993.
300 _avii, 126 p.
650 0 _adBase III Plus (Computer file)
_@0000154958
650 0 _aDatabase management.
_@0000148184
700 1 _aSawyer, Stacey C.
_@0000154271
700 1 _aCoulthard, Glen J.
_@0000151666
908 _a070523
950 _@1
999 _c2666
_d2666